[Event "Bundesliga 0405"]
[Site "Germany"]
[Date "2005.02.13"]
[Round "11.1"]
[White "Nikolic, Predrag"]
[Black "Pedersen, Steffen"]
[Result "0-1"]
[WhiteElo "2676"]
[BlackElo "2441"]
[Annotator "Ribli,Z"]
[PlyCount "154"]
[EventDate "2004.11.12"]
[EventType "team-tourn"]
[EventRounds "15"]
[EventCountry "GER"]
[SourceTitle "CBM 106"]
[Source "ChessBase"]
[SourceDate "2005.06.06"]
[SourceVersion "1"]
[SourceVersionDate "2005.06.06"]
[SourceQuality "1"]
[WhiteTeam "Solingen"]
[BlackTeam "Preetz"]
[WhiteTeamCountry "GER"]
[BlackTeamCountry "GER"]

1. Nf3 Nf6 2. g3 d5 3. Bg2 c5 4. O-O Nc6 5. d4 e6 6. c4 {Wir befinden uns nun
in einer Hauptvariante der Katalanischen Verteidigung, obwohl der bisherige
Spielverlauf Grünfeld-Indisch geprägt ist, jedoch mit vertauschten Farben und
einem Tempoplus für Weiß.} dxc4 7. Qa4 {Das ist die klassische Fortsetzung,
jedoch erscheint mir die Alternative chancenreicher.} (7. Ne5 Bd7 8. Na3 {
Diese Variante ist heutzutage in Mode; die Textfortsetzung wird relativ selten
gespielt.}) 7... Bd7 8. Qxc4 b5 9. Qd3 Rc8 10. Bg5 {Statt dieser Fortsetzung
bietet 10.dxc5!? Weiß mehr Hoffnungen auf Eröffnungsvorteil.} (10. dxc5 $5 Bxc5
11. Nc3 b4 12. Nb5 (12. Ne4 Nxe4 13. Qxe4 Ne7 $5 14. Be3 Qb6 15. Bxc5 {1/2-1/2
Stohl,I-Sokolov,A/Germany 2002/EXT 2003 (15)}) 12... O-O 13. Nd6 $5 Nd4 14. Bf4
Nd5 15. Ng5 g6 16. Nge4 Nxf4 17. gxf4 Bb6 18. Nxc8 Bb5 19. Qd2 $1 $146 {
[%csl Gd2][%cal Gd2b4]} Qxc8 20. e3 $1 Bxf1 21. Rxf1 $14 {0-1 Stohl,I-Sokolov,
A/Germany 2003/CBM 95/[Ribli] (40)}) 10... cxd4 (10... c4 11. Qd1 $5 (11. Qc2
h6 12. Bd2 Be7 13. e4 O-O 14. a3 Qb6 15. Be3 Ng4 16. Bf4 Nxd4 $1 17. Nxd4 e5 {
0-1 Savchenko,S-Adly,A/Cairo EGY 2003/(44)}) 11... Be7 12. Nc3 a6 (12... b4 13.
Bxf6 gxf6 (13... Bxf6 14. Ne4 $14) 14. Ne4 Qa5 15. Qd2 (15. Qc1) 15... f5 16.
Nc5 Bxc5 17. dxc5 Qxc5 18. Rfd1 $44 {1-0 Huebner,R-Mueller,M/Deutschland 1997/
[Huebner,R] (27)}) 13. e3 $5 (13. e4 b4 14. Bxf6 Bxf6 15. Ne2 O-O 16. e5 Be7
17. Nd2 c3 $1 18. bxc3 bxc3 19. Nxc3 Nxd4 20. Nde4 Bc6 {0-1 Filippov,V-Piket,J/
Batumi 77/478 1999/[Piket,Je] (42)}) 13... Nd5 14. Bxe7 Ncxe7 15. Ne4 $14) 11.
Nxd4 Ne5 $5 $11 {[%mdl 4] Eine originelle Idee: Weiß muss die Dame wegziehen
und Schwarz erhält im weiteren Spielverlauf gutes Figurenspiel. Im Falle von
11...Nxd4 hat Schwarz ebenfalls gute Ausgleichschancen.} (11... Nxd4 12. Qxd4
Bc5 (12... h6 13. Be3 Bc5 14. Qd3 Bxe3 15. Qxe3 Qb6 16. Qxb6 axb6 17. Nc3 b4
18. Ne4 Ke7 {1/2-1/2 Vogel,J-Janssen,R/Amsterdam NED 2002/(26)}) 13. Qh4 (13.
Qd3 $5 $14) 13... Be7 14. Nc3 b4 15. Ne4 Nxe4 16. Bxe7 Qxe7 17. Qxe4 Qc5 18.
Qb7 Rc7 19. Qb8+ Rc8 20. Qb7 {1/2-1/2 Hoffmann,M-Willsch,M/BL 0405 Preetzer
TSV- Solinger SG 2005 (20)}) 12. Qb3 (12. Qd1 Bc5 $11 (12... Be7 $11)) 12...
Qb6 13. Nf3 (13. Bxf6 gxf6 $11 (13... Qxd4 $6 14. Rd1 Qc5 15. Bxe5 Qxe5 16. Nc3
$14 {Und Weiß hat Entwicklungsvorteil.})) (13. Rd1 Bc5 14. e3 $11) 13... Nxf3+
14. Bxf3 Be7 $11 {Schwarz hat eine bequeme, ausgeglichene Stellung erreicht;
die Bauernstruktur ist symmetrisch und Schwarz hat keine Entwicklungsprobleme.}
15. Rd1 {Weiß möchte die schwarze Rochade verhindern.} h6 (15... Bc6 $5 $11 {
Dieser Zug spiegelt eine gute Idee wider: den weißfeldrigen Läufer des Gegners
zu tauschen.}) 16. Be3 (16. Bxf6 Bxf6 17. Nd2 Bc6 (17... O-O $6 18. Ne4 Bc6 19.
Nxf6+ gxf6 20. Bxc6 Rxc6 21. Qf3 $14) 18. Ne4 Bxe4 19. Bxe4 O-O $11) 16... Bc5
17. Bxc5 Qxc5 18. Nc3 (18. Nd2 O-O 19. Ne4 Nxe4 20. Bxe4 $11) 18... O-O (18...
Qc4 19. Qxc4 Rxc4 20. a3 Ke7 $11) 19. Rd2 b4 20. Ne4 Nxe4 21. Bxe4 Bb5 22. Rad1
a5 {[%csl Ga5,Gb4][%cal Gd1d8,Gc8c1] Weiß kontrolliert die d-Linie, Schwarz
die c-Linie und verfügt darüber hinaus über Initiative am Damenflügel.} 23. Qf3
(23. a3 $11) 23... Qe5 {[%csl Ge5] Die schwarze Dame ist auf e5 gut postiert.}
24. Qf4 Qxf4 25. gxf4 Rc5 26. Kf1 g5 $1 {Schwarz öffnet seine Grundlinie,
tauscht den f4-Bauern und bekommt damit eine bessere Bauernstruktur.} 27. fxg5
hxg5 28. h3 Kg7 29. Ke1 Rh8 30. Bg2 Ba4 $1 $15 {Schwarz vertreibt den Turm von
d1 oder provoziert die Schwächung des Damenflügels mittels b3.} 31. Ra1 (31. b3
Bb5 $15) 31... Rhc8 {[%cal Rc8c1,Rc1e1] Droht 32...Rc1+.} 32. b3 Bc6 33. Kf1 (
33. Bxc6 R8xc6 $15) 33... Bb5 (33... Bxg2+ 34. Kxg2 Rc2 35. Rad1 $15) 34. Bf3
Rc1+ 35. Rxc1 Rxc1+ 36. Kg2 Kf6 {[%csl Ra2,Rb3,Gb5,Gc1,Gf6][%mdl 4096] Die
schwarzen Figuren sind aktiver in dieser Endspielphase; hingegen kann der
weiße katalanische Läufer keine konkreten positionellen Zielpunkte verfolgen.}
37. Bh5 Bc6+ 38. Bf3 Bb5 39. Bh5 Ke7 40. e3 Rc3 {[%csl Gc3] Der schwarze Turm
besetzt das Feld c3.} 41. Be2 Bc6+ {Es ist eine gute Idee von Schwarz nicht
seinen aktiven Läufer zu tauschen.} (41... Bxe2 42. Rxe2 f5 43. Rd2 Kf6 $15)
42. Bf3 Bb5 43. Be2 Bc6+ 44. Bf3 Bd7 $1 (44... Bb5 $2 45. Be2 $11 {Auf diese
Weise wäre dreimal dieselbe Springerstellung erreicht und Weiß kann Remis
reklamieren.}) 45. h4 $1 {Weiß verteidigt sich gut; er tauscht seinen
schwachen Bauern.} gxh4 46. Kh3 f5 47. Be2 (47. Kxh4 f4 48. Re2 $15) 47... Bc6
48. Kxh4 Be4 {[%csl Gc3,Ge4]} 49. Bb5 Rc2 $1 50. Rd7+ (50. Rxc2 Bxc2 $17 {
[%cal Rc2b1,Rb1a2]}) 50... Kf6 51. Kg3 Bd5 $17 {[%csl Ra2,Rb3,Gd5] Der Bd5
dominiert das Spielgeschehen.} (51... Rxa2 52. Bc4 {[%cal Gd7d6,Gd6f6]}) 52.
Ra7 Rxa2 53. Ba4 (53. Bc4 Bxc4 54. bxc4 b3 $19) 53... Ra1 {[%csl Ga1,Gd5,Rg3]
[%cal Ra1g1,Rg1g3]} 54. f3 (54. Rxa5 $2 Bxb3 $19) 54... Rf1 55. e4 fxe4 56.
fxe4 Bxe4 57. Rxa5 Rf3+ {[%csl Rb3] Schwarz hat einen Bauern mehr und
aktiveres Figurenspiel, der Pb3 ist hingegen kaum zu halten.} 58. Kg4 Rd3 $1
59. Kf4 (59. Rb5 Bf5+ $1 {[%csl Rg4] Plötzlich befindet sich der weiße König
im Mattnetz.} (59... Rd4 $17) 60. Kf4 e5+ 61. Rxe5 Rd4+) 59... Bd5 $1 {[%cal
Rd5b3,Re6e5,Re5f4] Ausgezeichnetes Figurenspiel für Schwarz mit reduziertem
Material. Gleichzeitig sind der b3-Bauer angegriffen und es droht Matt mit 60..
.e5+.} 60. Ra6 (60. Rb5 e5+ 61. Kg4 Be6+ $19) 60... Bxb3 $19 61. Bb5 (61. Bxb3
Rxb3 $19) 61... Rd4+ 62. Ke3 Rh4 (62... Ke5 $19) 63. Rb6 Bd5 64. Bd3 b3 65. Bb1
Ke5 66. Bd3 Rh2 67. Rb4 Kd6 68. Be2 Kc5 69. Rb5+ Kc6 70. Rb4 Rh7 $1 {[%cal
Rh7b7,Rb7b4]} 71. Bd3 Rb7 72. Rg4 (72. Rxb7 Kxb7 $19) 72... Kc5 73. Kd2 e5 74.
Kc3 Rc7 75. Ra4 (75. Kb2 Rf7 $19 {[%cal Rf7f2,Rf2b2]}) 75... e4 76. Rxe4 (76.
Bxe4 Kb5+ $19) (76. Be2 Kd6+ $19) 76... Bxe4 77. Bxe4 Re7 0-1

[Event "Dubai op"]
[Site "Dubai"]
[Date "2001.04.23"]
[Round "8"]
[White "Kotsur, Pavel"]
[Black "Dizdar, Goran"]
[Result "1-0"]
[WhiteElo "2576"]
[BlackElo "2533"]
[Annotator "Ribli,Z"]
[PlyCount "75"]
[EventDate "2001.04.15"]
[EventType "swiss"]
[EventRounds "9"]
[EventCountry "UAE"]
[SourceTitle "CBM 083"]
[Source "ChessBase"]
[SourceDate "2001.07.05"]
[SourceVersion "1"]
[SourceVersionDate "2001.07.05"]
[SourceQuality "1"]

1. d4 d5 2. Nf3 Nf6 3. c4 e6 4. g3 dxc4 5. Bg2 Nc6 {Diese Spielweise ist in
jüngster Zeit sehr beliebt. Schwarz plant, nach Möglichkeit den Zug a6
einzusparen.} 6. O-O (6. Qa4 $5 {Meiner Meinung nach ist diese Fortsetzung
besser als der Textzug.}) 6... Rb8 7. e3 {Dieser Bauernzug ist die beste
Fortsetzung für Weiß. Nach 7.Nc3 spielt Schwarz ebenfalls 7...b5, und dann
muss Weiß in einigen Varianten mit b5-b4 rechnen.} (7. Nc3 b5) 7... b5 {
Das ist die Hauptidee des schwarzen Aufbaus - der Pc4 ist verteidigt, und der
Rb8 steht gut, er hat die große Diagonale des Bg2 bereits verlassen.} (7... Bd7
) 8. Qe2 (8. b3 cxb3 9. Nfd2 $5 (9. axb3 a6 10. Bb2 Be7 11. Nbd2 O-O 12. Qb1 {
0-1 Kozul,Z-Todorovic,G/Novi Sad 1992/CBM 29 ext (32)}) 9... Na5 $5 10. Nxb3
Nxb3 11. axb3 a6 (11... Bb7 12. Rxa7 Bxg2 13. Kxg2 Bd6 $11) 12. Bc6+ Nd7 13. d5
Qf6 14. Ra2 exd5 15. Qxd5 Bd6 (15... Qe6 $5) 16. Bb2 Qg6 17. Bd4 $1 {1-0 Kozul,
Z-Beliavsky,A/Bled 74/497 1998/Inf 74/[Beliavsky,A] (43)}) (8. a4 a6 9. axb5
axb5 10. b3 cxb3 11. Nbd2 Be7 12. Nxb3 O-O 13. Ba3 Bxa3 14. Rxa3 Qd6 15. Qa1 $1
{Steckner,J-Ionov,S/Dortmund (open) 1992/Inf 55 (19)}) 8... Be7 9. b3 $5 {
[%mdl 4] Weiß tauscht den schwarzen c-Bauern und öffnet damit die c- und
a-Linie.} (9. Rd1 O-O 10. b3 cxb3 11. axb3 a6 12. Bb2 (12. e4 Bb7 13. Bf4 Nb4
14. Nc3 Rc8 15. Ne5 Qe8 $15 {0-1 Tukmakov,V-Rogozenko,D/Koszalin 1998/CBM 65
ext (29)}) 12... Nb4 13. Nbd2 Bb7 14. e4 c5 15. e5 Nfd5 16. dxc5 Bxc5 17. Ne4
Be7 18. h4 Qe8 19. Nfg5 $40 {1-0 Rustemov,A-Sax,G/Germany 2000/CBM 74 ext (28)}
) 9... cxb3 10. axb3 O-O 11. Bb2 $13 {Weiß hat einen Bauern weniger, aber
seine Läufer stehen auf den großen Diagonalen. Zudem hat Weiß Übergewicht im
Zentrum. Der schwarze Damenflügel ist wegen des Pb5 ein wenig geschwächt, aber
seine Stellung ist fest.} Bb7 (11... a6 $5 $13) 12. Ne1 $5 {Ein
vielschichtiger Zug - der weiße Springer strebt nach d3 und öffnet
gleichzeitig die Diagonale des Bg2.} Nd5 {Schwarz provoziert 13.e4, sein
Springer soll dann nach b4 ziehen.} (12... a6 13. Nd3 $13 {[%csl Yc5][%cal
Gd3c5]} (13. Bxc6 Bxc6 14. Rxa6 Bb7 $15 {[%csl Gb7][%cal Gb7h1]})) (12... Nb4
13. Rxa7 Bxg2 14. Nxg2 c5 $11) 13. Qxb5 {Weiß hat den Bauern zwar zurück
gewonnan, dafür aber steht seine Dame unglücklich auf b5.} (13. e4 Ndb4 $15 14.
Qxb5 $2 Ba6 $19 {[%csl Rb5][%cal Ra6f1]}) 13... Ncb4 {[%cal Rb7a6,Ra6f1]} 14.
Qe2 Qc8 15. Nd2 (15. Rxa7 Ba6 $17 {[%csl Ra7]}) (15. e4 Ba6 16. Rxa6 Qxa6 17.
Qxa6 Nxa6 18. exd5 Rxb3 $19 {[%csl Rb1,Rb2]}) 15... Ba6 16. Nc4 c5 $11 {
Nach dieser Fortsetzung kann Schwarz seinen c-Bauern tauschen. Die
resultierende Stellung ist ausgeglichen.} 17. Nf3 (17. e4 $6 Nb6 $15 {[%csl
Rc4]}) (17. dxc5 Qxc5 18. Bd4 Qc7 $11) 17... Nc6 (17... Nb6 $11) 18. Qc2 (18.
e4 $2 Rxb3 19. exd5 exd5 $17 {[%csl Rc4][%cal Ga6e2]}) 18... Ndb4 (18... Ncb4
19. Qd2 (19. Qe2 Nc6 {Das wäre Zugwiederholung.}) 19... Rd8 $11 (19... Nc6 $11)
) 19. Qd2 cxd4 (19... Rd8 $5 $11 {Dieser Zug scheint mir logischer als die
Partiefortsetzung - jetzt steht die weiße Dame unglücklich auf der d-Linie.})
20. Nxd4 Nxd4 21. Bxd4 (21. Qxd4 Bf6 22. Qd2 Rd8 23. Qe2 Bxb2 24. Qxb2 Nd3 $15)
21... Nc6 (21... Rd8 $11) 22. Rfc1 $1 {[%cal Gc1c8][%mdl 2048]} Nxd4 (22...
Rxb3 $2 23. Ne5 $18) 23. exd4 Bxc4 (23... Bb4 24. Qe3 Bxc4 25. Rxa7 Bc5 26.
dxc5 Bxb3 27. c6 $16 {[%csl Gc6]}) 24. bxc4 $14 {[%csl Gc4,Gd4] Die weißen
Bauern stehen gut im Zentrum, besonders der c-Bauer ist - dank Unterstützung
durch den Bg2 - stark.} Qc7 25. c5 Rfd8 26. Ra4 Bf6 {Schwarz kontrolliert den
Pd4.} 27. h4 g6 (27... h5 $14) 28. c6 {[%csl Gc6]} Kg7 $6 (28... h5 $5 $14) 29.
h5 {Es droht noch nichts Konkretes, aber der weiße Bauer auf h5 ist sehr
unangenehm für Schwarz. In der Folge muss Schwarz stets mit h6+ rechnen.} gxh5
30. Rca1 Ra8 (30... a6 $5) 31. Rb1 a5 $2 {Dieser Zug ist recht optimistisch -
warum lässt Schwarz 32.Rb7 zu?} (31... Rab8 32. Rb7 Rxb7 33. cxb7 $14 {[%csl
Gb7][%cal Gg2b7]}) 32. Rb7 $16 Qd6 33. Rxa5 Rxa5 (33... Qxd4 34. Qxd4 Bxd4 35.
c7 $18) 34. Qxa5 Qxd4 35. c7 $18 {Der weiße Freibauer auf c7 entscheidet die
Partie.} Rc8 36. Rb8 Qd7 $2 (36... Rxc7 $5 37. Qxc7 Be5 38. Qb6 Qd1+ 39. Bf1
Bxb8 40. Qxb8 $18) 37. Rxc8 Qxc8 38. Qc5 {[%cal Rg2b7,Rb7c8] Und Schwarz muss
aufgeben - gegen 39.Bb7 gibt es keine Verteidigung .} 1-0

[Event "Julian Borowski-A 3rd"]
[Site "Essen"]
[Date "2001.05.02"]
[Round "1"]
[White "Romanishin, Oleg M"]
[Black "Smagin, Sergey"]
[Result "1-0"]
[WhiteElo "2559"]
[BlackElo "2613"]
[Annotator "Ribli,Z"]
[PlyCount "117"]
[EventDate "2001.05.02"]
[EventType "tourn"]
[EventRounds "9"]
[EventCountry "GER"]
[EventCategory "15"]
[SourceTitle "CBM 083"]
[Source "ChessBase"]
[SourceDate "2001.07.05"]
[SourceVersion "1"]
[SourceVersionDate "2001.07.05"]
[SourceQuality "1"]

1. Nf3 {Wells. Hecht} d5 2. d4 e6 3. g3 c5 4. Bg2 Nc6 5. O-O Nf6 6. c4 dxc4 {
Durch Zugumstellung haben wir eine Hauptvariante der Katalanischen Eröffnung
erreicht.} 7. Ne5 {Dieser Zug ist in der Großmeisterpraxis populär, aber die
traditionelle Fortsetzung 7.Qa4 ist auch nicht schlecht.} Bd7 (7... Nxe5 8.
dxe5 Qxd1 9. Rxd1 Nd5 (9... Nd7 10. f4 $14) 10. Na3 $14) 8. Nxc4 {Der Textzug
wird heutzutage selten gespielt.} (8. Na3 cxd4 9. Naxc4 {Das ist die
Grundstellung der eigentlichen Hauptvariante des Systems mit c7-c5. Weiß hat
dauerhafte Initiative für den Bauern.}) 8... cxd4 9. Bf4 Nd5 (9... Be7 $6 10.
Nd6+ Kf8 11. Nxb7 Qb6 12. Nd6 Nd5 13. Nc4 Qc5 14. Ne5 $14) 10. Nd6+ Bxd6 11.
Bxd6 {[%csl Gd6] Weiß hat das Läuferpaar, und der schwarze Pd4 ist schwach.}
Nde7 (11... Qb6 12. Qc1 f6 13. Nd2 Kf7 14. Nb3 $44) 12. Nd2 (12. Qb3 Nf5 (12...
O-O 13. Nd2 {Das ist eine Zugumstellung zu unserer Partie.} (13. Qxb7 Bc8 14.
Bxe7 (14. Qxa8 Qxd6 15. Rc1 (15. Bxc6 Nxc6 16. Rc1 Bd7 17. Qb7 d3 $1 18. Nc3
Nd4 $36) 15... Ba6 $1 16. Rxc6 Nxc6 17. Qxc6 Qxc6 18. Bxc6 Rc8 19. Bf3 Rc1+ $17
) 14... Bxb7 15. Bxd8 Rfxd8 16. Rc1 Rab8 $1 17. Nd2 Ne5 $11)) 13. Ba3 Na5 14.
Qb4 Rb8 15. Nd2 Nc6 16. Qc5 Qb6 17. Qc2 Rc8 18. Rac1 Nce7 19. Qb3 Qxb3 20. Nxb3
{1-0 Romanishin,O-Lechtynsky,J/Kecskemet 1989/TD (47)}) 12... O-O 13. Qb3 (13.
Nf3 Re8 14. Nxd4 Nxd4 15. Qxd4 Nf5 $11) 13... Bc8 (13... b6 14. Nc4 Rc8 (14...
Re8) 15. Rfd1 Re8 16. e3 Nf5 17. e4 Nfe7 18. e5 $44) 14. Ba3 $5 {Das ist ein
logischer Zug. Der Läufer muss früher oder später von d6 weg ziehen. Zudem
legt sich Weiß damit noch nicht auf eine Springerstellung fest. Der Springer
kann auf c4oder e4 auftauchen. Ich möchte darauf hinweisen, dass der
ukrainische GM schon einmal diese Spielweise erprobt hat (siehe Anmerkung 14...
e5).} (14. Nc4 Re8 (14... e5 15. Qa3 Re8 16. Nxe5 Nxe5 17. Bxe5 Nc6 18. Bxc6
bxc6 19. Qc5 Qe7 20. Qxe7 Rxe7 21. Bxd4 Rxe2 22. Rfe1 {1-0 Razuvaev,Y-Unzicker,
W/Germany 1991/GER-chT (50)}) 15. Bc5 (15. Rfd1 Nf5 16. Bc5 e5 17. e4 Nfe7 18.
Nd6 Rf8 19. Nxb7 Bxb7 20. Qxb7 Rb8 21. Qa6 Rxb2 22. Qa4 {1-0 Jussupow,
A-Sokolov,A/Moscow 1988/URS-ch (41)}) 15... Nf5 16. e4 dxe3 17. fxe3 Qg5 18.
Ba3 e5 19. Nd6 Nxd6 20. Bxd6 Nd8 21. Kh1 Bd7 22. Rad1 Bc6 {0-1 Gelfand,
B-Karpov,A/Monte Carlo 1999/CBM 69 ext (42)}) 14... Re8 (14... e5 15. Rac1 Qc7
16. Nc4 Rd8 17. Bc5 Bg4 18. Rfe1 Rd7 19. Qa3 Rad8 20. b4 d3 21. exd3 Rxd3 22.
Qb2 Rd1 23. Rcxd1 Rxd1 24. Rxd1 Bxd1 25. Ne3 Bh5 26. b5 Nd8 27. Bxa7 {1-0
Romanishin,O-Sokolov,A/Cannes 1998/CBM 63 ext (64)}) 15. Rac1 $44 {[%csl Ga3,
Gg2][%cal Gc1c8][%mdl 4] Weiß macht spürbar Druck. Er hat eine Vielzahl
positioneller Drohungen: .Ne4-Nd6, oder Ne4-Nc5 oder Nc4-Nd6. Für Schwarz ist
es daher nicht einfach, die Entwicklung seines Damenflügels zu beenden.} Nf5 (
15... Bd7 16. Qxb7 $16) (15... e5 16. Ne4 Nf5) 16. Ne4 {[%cal Ge4c5]} e5 (16...
Qc7 17. Rc2 $44) 17. Nc5 {Wells: 'dominates black's bishop, and ensures the
persistence of white's lead in development in addition to his other trumps. '}
Nd6 (17... Qc7 $5) 18. Bd5 $5 {'!' Wells.} (18. Nxb7 Nxb7 (18... Bxb7 19. Bxc6
(19. Bxd6 Na5 (19... Qxd6 20. Qxb7 $16) 20. Qb4 (20. Qa3 Bxg2 21. Kxg2 Nb7 $11)
20... Bxg2 21. Kxg2 Re6 22. Bc7 Nc6 23. Bxd8 (23. Rxc6 $2 Qd5+ $19) 23... Nxb4
24. Ba5 Nc6 $11 (24... Nxa2 25. Ra1 {[%csl Ra2]})) 19... Bxc6 20. Rxc6 $14) 19.
Bxc6 (19. Rxc6 {Wells}) 19... Na5 20. Qd3 Nxc6 21. Rxc6 Qd5 22. Rc5 Qxa2 23.
Qe4 Bd7 24. Rxe5 Qc4 $11) 18... Kh8 $2 {Damit gibt Schwarz die Verteidigung
des Pf7 auf.} (18... Qb6 $5 $13) (18... Ne7 $5 $13) 19. Nxb7 {Wells: 'Now this
transformation of advantages is possible. Romanishin cashes in netting two
pawns, and displays his customarily fine technique.'} Nxb7 (19... Bxb7 20. Bxc6
(20. Bxd6 $2 Qxd6 21. Qxb7 Qxd5 22. Qxc6 Qxa2 $17) 20... Bxc6 21. Rxc6 $16 {
[%csl Rd6,Rf7]}) 20. Bxc6 Na5 21. Qxf7 {Aufgrund von 18...Kh8 hat Schwarz nun
seinen Pf7 verloren.} Nxc6 22. Rxc6 $16 {Weiß hat schon einen Bauern mehr.
Doch die Realisierung des Materialvorteils ist aufgrund der ungleichfarbigen
Läufer gar nicht einfach} Qd7 $8 23. Qxd7 (23. Rc7 Qxf7 24. Rxf7 Be6 $11 {
[%cal Re6a2,Re6f7]}) 23... Bxd7 24. Rc5 $5 {Weiß verhindert mögliches
schwarzes Gegenspiel mit 24...Bb5.} (24. Rc7 Bb5 25. Re1 $16) 24... a6 25. Rd1
(25. Rfc1 Rac8) 25... Bb5 26. Rd2 {[%csl Gd2]} Rad8 (26... Rac8 27. Rxc8 Rxc8
28. Bd6 $16) 27. Bb4 e4 28. b3 {Weiß bereitet 29.a4 mit Vertreidigung des Bb5
vor.} e3 (28... d3 29. a4 $1 Bd7 (29... dxe2 30. Rxd8 $18) 30. exd3 Be6 31.
dxe4 Rxd2 32. Bxd2 Bxb3 33. f3 Bxa4 34. Rc7 $18) 29. fxe3 Rxe3 (29... dxe3 30.
Rdc2 $16 (30. Rxd8 Rxd8 31. Rc3 Re8 32. Kf1 $16 {[%csl Re3]})) 30. a4 Be8 (
30... Bxe2 31. Rxd4 $16) 31. Ba5 Rb8 32. Kf2 Re4 (32... Rexb3 33. Rxd4 $16) 33.
Rd3 (33. Rd5 Rxb3 34. R2xd4 Rxd4 35. Rxd4 $16) 33... Bf7 34. Bd2 {Der Pb3
hängt noch nicht, weil die schwarze Grundlinie schwach ist. So kann Weiß
seinen Läufer zurück ziehen und den Zug 35.b4 vorbereiten.} h6 35. b4 Rbe8 36.
e3 {Dieser Zug ist, wie die folgendem Vereinfachungen, forciert.} dxe3+ 37.
Rxe3 Rxe3 38. Bxe3 {[%mdl 4096] Die Verwertung des Materialvorteils fällt sehr
schwer - denn die ungleichfarbigen Läufer bieten Schwarz immer Rettungschancen.
Aber - dank der Türme auf dem Brett - behält Weiß immer gute Gewinnchancen.}
Bb3 39. a5 {Jetzt droht 40.b5, wonach der weiße a-Bauer besonders stark wird.}
(39. b5 axb5 40. axb5 $16) 39... Ba4 {Wie kann Weiß weiterkommen? Der Ba4 hat
eine gute Blockadestellung eingenommen, daher kann Weiß am Damenflügel (noch)
nichts erreichen. Ohne Türme wäre dieses Endspiel freilich remis.} 40. Rc7 {
[%csl Rg7][%cal Gc7g7] Weiß findet einen neuen Angriffspunkt - der Pg7 ist
schwach.} Kg8 (40... Rd8 41. g4 $16 {Es droht h4-h5 mit Raumgewinn am
Königsflügel .}) 41. Bd4 Rf8+ 42. Ke3 Rf7 43. Rc8+ Kh7 (43... Rf8 $5 44. Rc5
$16) 44. Rc5 g5 {Schwarz befreit sich von der potentiellen Schwäche des Pg7.}
45. Re5 Bd7 46. Kd2 Kg6 47. Rd5 Kh5 $2 {Schwarz möchte aktiv spielen, aber
sein König verfängt sich im Mattnetz.} (47... Kh7 $16) 48. Rd6 $1 {[%csl Gd6]
[%cal Gd6a6,Gd6h6]} Bb5 49. h3 $1 {[%csl Rh5] Droht 50.g4+ und 51.Rxh6 mit
weiterem Materialgewinn.} g4 50. Rd5+ Kg6 51. hxg4 {Weiß hat jetzt schon zwei
Mehrbauern, aber seine Doppelbauer auf der g-Linie ist nicht so stark.} Rd7 $6
{'Hecht: '[#] Interessanter Endspiel-Übergang. Der Läufer erweist sich in
Verbindung mit dem a-Freibauern als bärenstark. ''} (51... Rf3 $16) 52. Rxb5 $1
{Dieses schöne Qualitätsopfer entscheidet die Partie - der weiße Freibauer auf
der a-Linie fesselt den Turm.} axb5 (52... Rxd4+ {Hecht} 53. Kc3 Rxg4 54. Rb6+
Kg5 55. Rxa6 Rxg3+ 56. Kc4 h5 57. b5 h4 58. b6 $18) 53. Ke3 Kf7 (53... Rd6 54.
Bc5 Re6+ 55. Kd4 Kg5 56. Kd5 Rg6 57. Bd6 $18 Kxg4 58. a6 Rg7 59. Bb8 $18) (
53... Kg5 {Hecht} 54. a6 Kxg4 55. a7 Rd8 56. Be5 Ra8 57. Bb8 $18) 54. a6 $18
Ke6 55. a7 Rd8 56. Ke4 Kd6 (56... Ra8 57. Be3 $22 $18 Ke7 58. Kd5 Kd7 59. Bd4
$18) 57. Be3 Ra8 58. Bf4+ Kc6 59. Bb8 {[%csl Ra8][%cal Re4f5,Rf5g6,Rg6h6]} 1-0